Statistics for Geography Ending in N, Starting with A-Z

Click here to take the quiz!

General Stats

  • This quiz has been taken 655 times
    (274 since last reset)
  • The average score is 20 of 26

Answer Stats

LetterClueAnswer% Correct
DCapital of the Republic of IrelandDublin
98%
LThe capital of England and the United KingdomLondon
98%
OArab country located in Western AsiaOman
97%
ILarge country located in the Middle EastIran
96%
HLarge metropolis in TexasHouston
95%
YIs a country in Western AsiaYemen
94%
SCountry on Europe’s Iberian PeninsulaSpain
93%
WThe capital of New ZealandWellington
93%
ZSomeone from Zambia is...Zambian
93%
MState in the Great Lakes region of the upper Midwestern United StatesMichigan
92%
UCentral Asian nation and former Soviet republicUzbekistan
92%
BFrench-speaking West African nationBenin
91%
GCountry along the Atlantic coast of Central AfricaGabon
91%
JIsland country in East AsiaJapan
91%
KBishkek is this country's capitalKyrgyzstan
89%
CCentral African country on the Gulf of GuineaCameroon
88%
TEstonia’s capital on the Baltic SeaTallinn
88%
AIs a port city in northeast ScotlandAberdeen
79%
ECapital city of the Canadian province of AlbertaEdmonton
79%
XLarge city and capital of Shaanxi Province in central ChinaXi'an
62%
NFormer name for AstanaNur-Sultan
55%
RFrench department in the Indian OceanRéunion
53%
QScenic town on New Zealand's south islandQueenstown
36%
PCity on the Warta River in western PolandPoznan
34%
FSoutheastern Chinese province known for its mountains and coastal citiesFujian
20%
VIs a city in Ontario, Canada. It is located in the Regional Municipality of YorkVaughan
13%

Score Distribution

Percentile by Number Answered

Percent of People with Each Score

Your Score History

You have not taken this quiz since the last reset